| 000 | 00383nam a2200145Ia 4500 | ||
|---|---|---|---|
| 008 | 230917s9999||||xx |||||||||||||| ||und|| | ||
| 040 |
_e112717 _aMAIN |
||
| 041 | _aEnglish | ||
| 082 | _a670.42 G 195 M | ||
| 100 | _aGarside, John | ||
| 245 | 0 | _aMake It: engineering the manufacturing solution | |
| 260 |
_aOxford _bButterworth-Heinmann _c1999 |
||
| 300 | _a273p. p. | ||
| 942 | _cBK | ||
| 999 |
_c136296 _d136296 |
||